000 01254cam a2200325 a 4500
001 327
003 BD-RjUL
005 20211208233147.0
008 960315s1995 nyua b 001 0 eng
020 _a0070308373
035 _a(BD-RjUL)344
040 _aDLC
_cDLC
_dDLC
_dBD-RjUL
_beng
041 _aeng
082 0 0 _a005.133
_220
_bHUS 1996
100 1 _aHubbard, J. R.
_q(John Rast),
_d1943-
_91042
245 1 0 _aSchaum's outline of theory and problems of programming with C++ /
_cJohn R. Hubbard.
246 3 0 _aProgramming with C++
246 3 0 _aTheory and problems of programming with C++
260 _aNew York :
_bMcGraw-Hill,
_cc1996.
300 _aix, 436 p. :
_bill. ;
_c26 cm.
490 _aSchaum's outline series
504 _aIncludes bibliographical references (p. 414-417) and index.
650 0 _aC (Computer program language)
_9482
856 4 2 _3Contributor biographical information
_uhttp://www.loc.gov/catdir/enhancements/fy0602/96013964-b.html
856 4 2 _3Publisher description
_uhttp://www.loc.gov/catdir/enhancements/fy0602/96013964-d.html
856 4 1 _3Table of contents only
_uhttp://www.loc.gov/catdir/enhancements/fy0602/96013964-t.html
942 _2ddc
_cBK
999 _c327
_d327